000
00308nam a22001217a 4500
020
_a
87762-387-2
082
_a
658.404 HIL'D
100
_a
HILTON, JOSEPH R
_9
67082
245
_a
DESIGN ENGINEERING PROJECT MANAGEMENT, A REFERENCE
260
_a
PENNSYLVANIA
_b
TECHNOMIC
_c
1985
300
_a
133P
942
_c
BK
999
_c
574933
_d
574933